00674cam a22001937a 4500003000500000005001700005008004100022010001000063011001000073035001000083040000900093082001600102110008600118245008500204260008600289300001900375500007600394650001000470CHAP20220329134711.0971013s1979 r 00010 d a24426 a25398 a29498 cCHAP a634.13bI57 aInstitut National de Vulgarisation pour les Fruits, Legumes et Champignons. Paris13aLe poirierb: acquisitions recentes sur les techniques de production de la poire aParis :bInstitut de Vulgarisation pour les Fruits, Legumes et Champignons,c1979 a152 p.b: ilus aPonencias presentadas en: Jounees Fruitieres d'avignon. Montforet, 197814aPera.